000 00322nam a22001337a 4500
008 171020b xxu||||| |||| 00| 0 eng d
020 _a9780078227790
041 _aeng
080 _a338
100 _a54
101 _aMEN
245 _aPROFESIONAL RECORDS AND INFORMATION MANAGEMENT
_cSTEWART.J.R
942 _2udc
_cBK
999 _c35119
_d35119